Small is beautifull : A study of economics as if people mattered

Đã lưu trong:
Sonraí Bibleagrafaíochta
Príomhúdar: Schumacher, E. F.
Formáid: Leabhar
Teanga:Undetermined
Foilsithe: London Blond and Briggs 1973
Ábhair:
Clibeanna: Cuir Clib Leis
Gan Chlibeanna, Bí ar an gcéad duine leis an taifead seo a chlibeáil!
Thư viện lưu trữ: Trung tâm Học liệu Trường Đại học Cần Thơ
LEADER 00492nam a2200181Ia 4500
001 CTU_78040
008 210402s9999 xx 000 0 und d
082 |a 330 
082 |b S392 
100 |a Schumacher, E. F. 
245 0 |a Small is beautifull : 
245 2 |b A study of economics as if people mattered 
245 0 |c E. F. Schumacher 
260 |a London 
260 |b Blond and Briggs 
260 |c 1973 
650 |a Economics 
980 |a Trung tâm Học liệu Trường Đại học Cần Thơ